[Event "Dortmund op-B"]
[Site "Dortmund"]
[Date "2004.07.30"]
[Round "8"]
[White "Sieberg, Rolf"]
[Black "Gueine, Felix B"]
[Result "1/2-1/2"]
[WhiteElo "1654"]
[BlackElo "1814"]
[PlyCount "30"]
[EventDate "2004.07.??"]
[EventType "swiss"]
[EventRounds "9"]
[EventCountry "GER"]
[SourceTitle "EXT 2006"]
[Source "ChessBase"]
[SourceDate "2005.11.24"]
[SourceVersion "1"]
[SourceVersionDate "2005.11.24"]
[SourceQuality "1"]

1. e4 c5 2. c3 d5 3. exd5 Qxd5 4. d4 e6 5. Na3 Nc6 6. Nb5 Qd8 7. Bf4 e5 8. dxe5 Be6 9. Qxd8+ Rxd8 10. Nc7+ Ke7 11. Nxe6 Kxe6 12. Bc4+ Kf5 13. Ne2 Nxe5 14. Bxe5 Kxe5 15. Bxf7 Nh6 1/2-1/2

[Event "Dortmund op-B"]
[Site "Dortmund"]
[Date "2004.07.24"]
[Round "2"]
[White "Aulich, Marcell"]
[Black "Gueine, Felix B"]
[Result "0-1"]
[WhiteElo "1721"]
[BlackElo "1814"]
[PlyCount "58"]
[EventDate "2004.07.??"]
[EventType "swiss"]
[EventRounds "9"]
[EventCountry "GER"]
[SourceTitle "EXT 2006"]
[Source "ChessBase"]
[SourceDate "2005.11.24"]
[SourceVersion "1"]
[SourceVersionDate "2005.11.24"]
[SourceQuality "1"]

1. e4 e6 2. d4 d5 3. Nc3 dxe4 4. Nxe4 Nf6 5. Nxf6+ Qxf6 6. Nf3 h6 7. Be3 Bd6 8. Bd3 Nd7 9. Qe2 0-0 10. 0-0 e5 11. d5 Qe7 12. Nd2 f5 13. f3 Nf6 14. Bc4 b5 15. Bb3 a5 16. a3 Bb7 17. Kh1 Bxd5 18. Qxb5 Bxb3 19. Qxb3+ Kh8 20. c4 a4 21. Qc2 Nd7 22. Rac1 Bc5 23. Rfe1 Rab8 24. Rb1 Qd6 25. Bxc5 Nxc5 26. Qc3 Nd3 27. Re3 Rfd8 28. Kg1 Qc5 29. Nf1 f4 0-1

[Event "Dortmund op-B"]
[Site "Dortmund"]
[Date "2003.08.01"]
[Round "1"]
[White "Gueine, Felix B"]
[Black "Strathoff, Jens"]
[Result "1-0"]
[WhiteElo "1816"]
[BlackElo "1536"]
[PlyCount "67"]
[EventDate "2003.08.01"]
[EventType "swiss"]
[EventRounds "9"]
[EventCountry "GER"]
[SourceTitle "CBM 095 Extra"]
[Source "ChessBase"]
[SourceDate "2003.09.04"]
[SourceVersion "1"]
[SourceVersionDate "2003.09.04"]
[SourceQuality "1"]

1. e4 e5 2. Nf3 Nc6 3. Bc4 Bc5 4. 0-0 Nf6 5. Nc3 0-0 6. d3 d6 7. Bg5 h6 8. Bh4 Bg4 9. h3 Bh5 10. g4 Bg6 11. Nd5 a6 12. Qd2 Kh7 13. Kg2 Nd4 14. Nxd4 Bxd4 15. Nxf6+ gxf6 16. c3 Ba7 17. f4 d5 18. exd5 exf4 19. Qxf4 b5 20. Bxf6 Qd7 21. Bb3 a5 22. Qf3 Rae8 23. Rae1 a4 24. Bc2 Qd6 25. h4 Kg8 26. Bb1 c6 27. dxc6 Bb8 28. Rh1 Rxe1 29. Rxe1 Qh2+ 30. Kf1 Ba7 31. d4 Bb8 32. Bxg6 fxg6 33. Qd5+ Kh7 34. Re7+ 1-0